Automotive air pollution : (Record no. 542804)
[ view plain ]
| 000 -LEADER | |
|---|---|
| fixed length control field | 00726nam a2200169 a 4500 |
| 082 00 - DEWEY DECIMAL CLASSIFICATION NUMBER | |
| Classification number | 363.731 |
| Author Mark | AUT |
| -- | D |
| 245 00 - TITLE STATEMENT | |
| Title | Automotive air pollution : |
| Remainder of title | issues and options for developing countries / |
| Statement of responsibility, etc. | Asif Faiz ... [et al.]. |
| 260 ## - PUBLICATION, DISTRIBUTION, ETC. | |
| Place of publication, distribution, etc. | Washington, DC (1818 H St. NW, Washington 20433) : |
| Name of publisher, distributor, etc. | Infrastructure and Urban Development Dept., World Bank, |
| Date of publication, distribution, etc. | [1990] |
| 300 ## - PHYSICAL DESCRIPTION | |
| Extent | xviii, 109 p. ; |
| Dimensions | 28 cm. |
| 500 ## - GENERAL NOTE | |
| General note | "August 1990." |
| 500 ## - GENERAL NOTE | |
| General note | Cover title. |
| 526 ## - STUDY PROGRAM INFORMATION NOTE | |
| Program name | 0 |
| Interest level | 0 |
| Reading level | 0 |
| Title point value | 363_731000000000000_AUT |
| 650 #0 - SUBJECT ADDED ENTRY--TOPICAL TERM | |
| Topical term or geographic name entry element | Air |
| General subdivision | Pollution |
| -- | Government policy |
| Geographic subdivision | Developing countries. |
| 9 (RLIN) | 38150 |
| 650 #0 - SUBJECT ADDED ENTRY--TOPICAL TERM | |
| Topical term or geographic name entry element | Automobiles |
| General subdivision | Motors |
| -- | Exhaust gas |
| -- | Environmental aspects |
| Geographic subdivision | Developing countries. |
| 9 (RLIN) | 38151 |
| 700 1# - ADDED ENTRY--PERSONAL NAME | |
| Personal name | Faiz, Asif. |
| 9 (RLIN) | 38152 |
| 942 ## - ADDED ENTRY ELEMENTS (KOHA) | |
| Source of classification or shelving scheme | |
| Koha item type | Book |
| Withdrawn status | Lost status | Source of classification or shelving scheme | Damaged status | Not for loan | Permanent Location | Current Location | Date acquired | Total Checkouts | Full call number | Barcode | Date last seen | Price effective from | Koha item type |
|---|---|---|---|---|---|---|---|---|---|---|---|---|---|
| Military College of Engineering (MCE) | Military College of Engineering (MCE) | 02/18/2014 | 363.731 AUT | MCE-42540 | 02/18/2014 | 02/18/2014 | Book |
